000 00754nam a2200217Ia 4500
001 10606
003 GE_BSU
008 181216s||||||||xx |||||||||||||| ||und||
020 _a9789941162923
040 _cGE_BSU
100 _aნიკოლეიშვილი,ავთანდილ
245 _aქართული ლიტერატურა.ტ.lll მეოცე საუკუნე, ნაწ.1.
245 _cრედ:ბეგო ბეჟუაშვილი
260 _aთბილისი
260 _bსაქართველოს მაცნე
260 _c2013
300 _a536გვ;25სმ.
541 _h17ლ.50თ.
653 _aქართული ლიტერატურა.
942 _cBK
999 _c43858
_d43858